| 000 | 00553nam a2200157 a 4500 | ||
|---|---|---|---|
| 001 | 000031110 | ||
| 005 | 20200930062718.0 | ||
| 008 | 110613s1994 dr a 000 0 spa d | ||
| 040 |
_aDO-SdBNP _bspa _cBNPHU |
||
| 082 |
_axxxx _bR426c |
||
| 110 | 1 |
_aRepública Dominicana. _bVeterinarios sin Fronteras _957587 |
|
| 245 | 1 | 0 |
_aCuida tu caballo : _bmanual sobre el manejo y enfermedades de los equipos. |
| 260 |
_aSanto Domingo : _bCentro de Solidaridad para el Desarrollo de la Mujer (Ce-Mujer), _c1994. |
||
| 300 |
_a24 p. : _bil. ; _c27 cm. |
||
| 049 | _aBNPD | ||
| 999 |
_c30602 _d30602 |
||